Kelopak Berkembang (Record no. 152530)

MARC details
000 -LEADER
fixed length control field 00638nam a2200253 i 4500
001 - CONTROL NUMBER
control field C2-0168375
003 - CONTROL NUMBER IDENTIFIER
control field PPAK
005 - DATE AND TIME OF LATEST TRANSACTION
control field 20180728090823.0
008 - FIXED-LENGTH DATA ELEMENTS--GENERAL INFORMATION
fixed length control field 980716s1985 xx |||| ||||| | may d
040 ## - CATALOGING SOURCE
Original cataloging agency PPAK
Language of cataloging eng
Transcribing agency PPAK
Description conventions rda
082 04 - DEWEY DECIMAL CLASSIFICATION NUMBER
Classification number 899.231
Edition number 23
090 00 - LOCALLY ASSIGNED LC-TYPE CALL NUMBER (OCLC); LOCAL CALL NUMBER (RLIN)
Classification number (OCLC) (R) ; Classification number, CALL (RLIN) (NR) 899.231
Feature heading KEL
Feature heading KK
Classification number (OCLC) (R) ; Classification number, CALL (RLIN) (NR) 899.231
Feature heading KEL
Feature heading KSS
245 00 - TITLE STATEMENT
Title Kelopak Berkembang
264 #1 - PRODUCTION, PUBLICATION, DISTRIBUTION, MANUFACTURE, AND COPYRIGHT NOTICE
Date of production, publication, distribution, manufacture, or copyright notice 1985
300 ## - PHYSICAL DESCRIPTION
Extent 30 pages ;
Dimensions 20 cm
336 ## - CONTENT TYPE
Source rdacontent
Content type term text
337 ## - MEDIA TYPE
Source rdamedia
Media type term unmediated
338 ## - CARRIER TYPE
Source rdacarrier
Carrier type term volume
500 ## - GENERAL NOTE
General note Sempena Hari Sastera '85
650 10 - SUBJECT ADDED ENTRY--TOPICAL TERM
Topical term or geographic name entry element Malay poetry
700 0# - ADDED ENTRY--PERSONAL NAME
Personal name Saidin Ali,
Relator term compile
942 ## - ADDED ENTRY ELEMENTS (KOHA)
-- dc
Koha item type Book
Holdings
Withdrawn Not for loan Current library Shelving location Date acquired Full call number Barcode Date last seen Koha item type
  Not For Loan Perpustakaan Alor Setar Koleksi Kedah 16/07/1998 KK 899.231 KEL A00153145 01/06/2018 Book
  Not For Loan Perpustakaan Alor Setar Koleksi Kedah 16/07/1998 KK 899.231 KEL A00153146 01/06/2018 Book
  Not For Loan Perpustakaan Alor Setar Koleksi Shaidun Shaari 27/04/2008 KSS 899.231 KEL A00507469 01/06/2018 Book